LEADER 00848nam a2200193 i 4500 001 000000243188 003 CaOOAMICUS 005 20150625000000.0 008 150625s1788 it u000 u ita u 013 $a222093 026 $auent 0.I. 2.2. *Aci (3) 1788 (R) 040 $aSeMil$bita 245 10$aTome 2. 300 $a580 p. 500 $aSegn. : A-2N8 2O2. 773 0 $aPluquet, François André Adrien $tMemoires pour servir a l'histoire des égaremens de l'esprit humain par rapport à la religion chrétienne: ou dictionnaire des hérésies, des erreurs et des schismes; précédé d'un discours ... Tome 1. [-2.].$dA Sédan : Chez Charles Morin, 1788.$g2$w()32102 850 $aSeMil 852 $aSeMil$W1$xVenegono$y1$m3E V 16 FA$j193534$B193534$CSeMilBibl$Z2$F204291 $8I 996 $6245$aTome 2$9(OLS)http://semarc/title/1533 LEADER 00979nam a2200241 i 4500 001 000000179346 003 CaOOAMICUS 005 20241028120200.0 008 090509s1981 it u000 u ita u 040 $aSeMil$bita 100 1 $aZumthor, Paul,$d<1915-1995>.$0(OLS)http://semarc/name/66502 240 10$aParler du Moyen Age.$0(OLS)http://semarc/title/257528 245 10$aLeggere il Medio Evo /$cPaul Zumthor. 264 1$aBologna :$bIl Mulino,$c1981. 300 $a184 p. ;$c21 cm. 490 1 $aUniversale paperbacks Il Mulino ;$v135 650 4$aMedioevo - Storiografia.$0(OLS)http://semarc/subject/16162 830 0$aUniversale paperbacks Il Mulino ;$v135.$0(OLS)http://semarc/title/5937 850 $aSeMil 852 $aSeMil$W1$xVenegono$y1$m3T II 77$j251914$B130109$CSeMilBibl$Z2$F141605 $81 996 $6245$aLeggere il Medio Evo$9(OLS)http://semarc/title/257527 996 $6264$aBologna :$bIl Mulino$9(OLS)http://semarc/publisher/29842